000 00974cab a2200265 4500
001 ABS68025
008 040716n2004 000 0 eng u
035 _a(Sirsi) u126813
100 _aWheeler, P.
245 _aOpening the floodgates
260 _c2004
490 _aNew Civil Engineer
_v1 July 2004, 18-19(2)
520 _aDescribes how a grid of open spaces could be used to resolve the problem of flooding and the development of the Thames Gateway. The open spaces could provide parkland, sports facilities and wildlife habitats which would also serve as flood storage capacity or manageable washlands.
590 _aABS
650 _aFLOOD MANAGEMENT
650 _aTHAMES GATEWAY
650 _aOPEN SPACES
650 _aLOCAL AMENITIES
650 _aFLOOD RISK AREAS
650 _aFLOOD CONTROL
650 _aSPORTS FACILITIES
650 _aWILDLIFE HABITATS
690 _aENVIRONMENTAL AND LAND CONSULTANCY-ENVIRONMENTAL MANAGEMENT
942 _n0
999 _c74466
_d74466